مكتبة جامعة عجلون الوطنية

فهرس بحث المكتبة

Normal view MARC view
  • القانون التجاري -- الاردن -- التجارة -- قوانين وانظمة -- الاردن

Entry Topical Term

Number of records used in: 1

001 - CONTROL NUMBER

  • control field: 49993

003 - CONTROL NUMBER IDENTIFIER

  • control field: JO-AjAnu

005 - DATE AND TIME OF LATEST TRANSACTION

  • control field: 20230606082232.0

008 - FIXED-LENGTH DATA ELEMENTS

  • fixed length control field: 230606|| aca||aabn | a|a d

040 ## - CATALOGING SOURCE

  • Original cataloging agency: JO-AjAnu
  • Transcribing agency: JO-AjAnu

150 ## - HEADING--TOPICAL TERM

  • Topical term or geographic name entry element: القانون التجاري -- الاردن -- التجارة -- قوانين وانظمة -- الاردن

670 ## - SOURCE DATA FOUND

  • Source citation: Work cat.: (JO-AjAnu)25561: الزعبي، تيسير أحمد, author 49992, موسوعة الاردن القانونية : مجموعة التشريعات التجارية